000 00729nam a2200289Ia 4500
005 20260324113826.0
008 008 260324s9999 xx 000 0 eng d
020 _a9781003267522
037 _aEBOOK
040 _aCRL
040 _beng
040 _cCRL
041 _2eng
041 _aeng
084 _qCRL
100 _aAmelia Burke-Garcia
_91148330
245 0 _aCommunicating Through a Pandemic
245 2 _bA Chronicle of Experiences, Lessons Learned, and a Vision for the Future
260 _bTaylor and Francis
260 _c2023
365 _a
365 _b220
856 _uhttp://www.taylorfrancis.com/books/9781003267522
942 _cEBOOK
999 _c1738176
_d1738176